000 00814nac a2200265 i 4500
003 EG-GICUC
005 20260121101411.0
008 251201s2001 -uk | fr 000 0 eng d
040 _aEG-GiCUC
_beng
_cEG-GiCUC
_dEG-GiCUC
_erda
082 0 4 _221
_a341.48
092 0 4 _221
099 _aLaw 08 2001
100 1 _aVilliers, Peter.
245 1 0 _aHuman rights :
_bA practical guide for managers /
_cPeter Villiers.
264 _aLondon :
_bKogan Page,
_c2001.
300 _avi, 167page ;
_c20 cm.
336 _2rda content
_atext
337 _2rda media
_aComputer
338 _2rda carrier
_aOnline Resource
504 _aIncludes bibliographical references and index
650 1 0 _aHuman rights
856 4 0 _uhttps://fll.law.cu.edu.eg/fulltext/bks/ENGB08-00070.pdf
905 _a10
942 _2ddc
_cBK
_e21
_n0
999 _c47675
_d47675